000 00495nam a22001817a 4500
003 MPLRDC
005 20220104143303.0
008 210129b ||||| |||| 00| 0 eng d
020 _a983-40897-4-0
082 _a541.26386 CYC-2
100 _a陈亚才总编
245 _a拓宽文化的视野
_c
250 _a初版
260 _a马来西亚
_b吉隆坡暨雪兰莪中华大会堂
_c2006
300 _bCD一个
650 _a社会与文化--马来西亚
942 _cBK
_o541.26386 CYC-2
999 _c38437
_d38427